[Event "1st 4NCL Easter Congress"]
[Site "Stevenage"]
[Date "2019.04.19"]
[Round "1"]
[Board "16"]
[White "Verma, Shlok"]
[Black "Okhai, Shabir"]
[Result "0-1"]
[WhiteElo "1696"]
[BlackElo "2073"]
[PlyCount "0"]
[EventDate "2019.04.19"]
[EventRounds "7"]
[EventCountry "ENG"]

1. d4 {[%clk 01:30:58]} {[%emt 00:00:02]} Nf6 {[%clk 01:30:55]} {[%emt
00:00:05]} 2. c4 {[%clk 01:31:07]} {[%emt 00:00:22]} e6 {[%clk 01:31:20]}
{[%emt 00:00:05]} 3. Nc3 {[%clk 01:31:23]} {[%emt 00:00:13]} d5 {[%clk
01:31:44]} {[%emt 00:00:05]} 4. Nf3 {[%clk 01:31:26]} {[%emt 00:00:27]} Be7
{[%clk 01:32:08]} {[%emt 00:00:06]} 5. Bg5 {[%clk 01:30:35]} {[%emt 00:01:22]}
Nbd7 {[%clk 01:31:01]} {[%emt 00:01:37]} 6. e3 {[%clk 01:30:35]} {[%emt
00:00:29]} O-O {[%clk 01:31:12]} {[%emt 00:00:20]} 7. Bd3 {[%clk 01:29:58]}
{[%emt 00:01:07]} dxc4 {[%clk 01:31:07]} {[%emt 00:00:35]} 8. Bxc4 {[%clk
01:30:20]} {[%emt 00:00:08]} c5 {[%clk 01:30:55]} {[%emt 00:00:42]} 9. O-O
{[%clk 01:29:01]} {[%emt 00:01:50]} a6 {[%clk 01:29:13]} {[%emt 00:02:11]} 10.
a4 {[%clk 01:27:18]} {[%emt 00:02:12]} b6 {[%clk 01:26:24]} {[%emt 00:03:20]}
11. Qe2 {[%clk 01:25:46]} {[%emt 00:02:01]} Bb7 {[%clk 01:25:13]} {[%emt
00:01:42]} 12. Rfd1 {[%clk 01:24:19]} {[%emt 00:01:57]} Qb8 {[%clk 01:21:09]}
{[%emt 00:04:34]} 13. Rd2 {[%clk 01:13:06]} {[%emt 00:11:42]} Re8 {[%clk
01:14:10]} {[%emt 00:07:30]} 14. Rad1 {[%clk 01:12:09]} {[%emt 00:01:26]} Qa7
{[%clk 01:06:04]} {[%emt 00:08:37]} 15. d5 {[%clk 01:05:15]} {[%emt 00:07:24]}
exd5 {[%clk 01:00:56]} {[%emt 00:05:39]} 16. Nxd5 {[%clk 01:03:34]} {[%emt
00:02:11]} Nxd5 {[%clk 01:00:16]} {[%emt 00:01:10]} 17. Bxd5 {[%clk 01:03:04]}
{[%emt 00:00:59]} Bxd5 {[%clk 00:59:21]} {[%emt 00:01:26]} 18. Rxd5 {[%clk
01:02:39]} {[%emt 00:00:56]} Nf8 {[%clk 00:58:27]} {[%emt 00:01:24]} 19. Bxe7
{[%clk 00:56:53]} {[%emt 00:06:16]} Rxe7 {[%clk 00:55:38]} {[%emt 00:03:18]} 20.
Qd3 {[%clk 00:55:32]} {[%emt 00:01:50]} Rae8 {[%clk 00:51:53]} {[%emt
00:04:15]} 21. Nd2 {[%clk 00:53:13]} {[%emt 00:02:49]} Ne6 {[%clk 00:48:21]}
{[%emt 00:04:01]} 22. Nc4 {[%clk 00:52:02]} {[%emt 00:01:41]} Nf4 {[%clk
00:46:41]} {[%emt 00:02:11]} 23. exf4 {[%clk 00:46:01]} {[%emt 00:06:31]} Re1+
{[%clk 00:46:38]} {[%emt 00:00:32]} 24. Qf1 {[%clk 00:46:13]} {[%emt 00:00:19]}
Rxf1+ {[%clk 00:46:38]} {[%emt 00:00:30]} 25. Kxf1 {[%clk 00:46:36]} {[%emt
00:00:07]} Qb8 {[%clk 00:38:10]} {[%emt 00:08:58]} 26. Nd6 {[%clk 00:42:54]}
{[%emt 00:04:12]} Rd8 {[%clk 00:34:43]} {[%emt 00:03:57]} 27. Nb7 {[%clk
00:40:32]} {[%emt 00:02:52]} Rf8 {[%clk 00:34:33]} {[%emt 00:00:39]} 28. Nd6
{[%clk 00:40:35]} {[%emt 00:00:28]} h6 {[%clk 00:32:30]} {[%emt 00:02:33]} 29.
g3 {[%clk 00:37:16]} {[%emt 00:03:49]} Rd8 {[%clk 00:31:26]} {[%emt 00:01:34]}
30. Kg1 {[%clk 00:37:00]} {[%emt 00:00:45]} Qc7 {[%clk 00:25:49]} {[%emt
00:06:07]} 31. b3 {[%clk 00:36:33]} {[%emt 00:00:59]} Kh7 {[%clk 00:25:21]}
{[%emt 00:00:56]} 32. f3 {[%clk 00:33:10]} {[%emt 00:03:54]} Qc6 {[%clk
00:23:04]} {[%emt 00:02:47]} 33. R5d3 {[%clk 00:32:38]} {[%emt 00:01:02]} Rd7
{[%clk 00:22:18]} {[%emt 00:01:17]} 34. Nc4 {[%clk 00:30:20]} {[%emt 00:02:48]}
Rxd3 {[%clk 00:20:58]} {[%emt 00:01:50]} 35. Rxd3 {[%clk 00:30:25]} {[%emt
00:00:25]} b5 {[%emt 00:02:17]} 36. Ne5 {[%clk 00:30:31]} Qe6 {[%clk 00:19:17]}
{[%emt 00:00:48]} 37. Kf2 {[%clk 00:27:31]} {[%emt 00:03:29]} f6 {[%clk
00:18:05]} {[%emt 00:01:42]} 38. Ng4 {[%clk 00:26:38]} {[%emt 00:01:23]} bxa4
{[%clk 00:17:45]} {[%emt 00:00:51]} 39. Re3 {[%clk 00:26:35]} {[%emt 00:00:31]}
Qb6 {[%clk 00:16:57]} {[%emt 00:01:19]} 40. bxa4 {[%clk 00:26:49]} {[%emt
00:00:17]} h5 {[%clk 00:17:14]} {[%emt 00:00:53]}  0-1

[Event "1st 4NCL Easter Congress"]
[Site "Stevenage"]
[Date "2019.04.19"]
[Round "1"]
[Board "17"]
[White "Verma, Aditya"]
[Black "Simpson, Derek"]
[Result "1-0"]
[WhiteElo "2071"]
[BlackElo "1668"]
[PlyCount "0"]
[EventDate "2019.04.19"]
[EventRounds "7"]
[EventCountry "ENG"]

1. e4 {[%clk 01:30:57]} {[%emt 00:03:28]} e6 {[%clk 01:30:56]} 2. d4 {[%clk
01:31:22]} d5 {[%clk 01:31:18]} 3. Nd2 {[%clk 01:31:46]} dxe4 {[%clk 01:31:43]}
4. Nxe4 {[%clk 01:32:07]} Nd7 {[%clk 01:32:09]} 5. Nf3 {[%clk 01:31:50]} Ngf6
{[%clk 01:32:34]} 6. Ng3 {[%clk 01:31:50]} c5 {[%clk 01:32:56]} 7. Be2 {[%clk
01:31:37]} cxd4 {[%clk 01:33:05]} 8. Nxd4 {[%clk 01:31:43]} Bc5 {[%clk
01:32:01]} 9. O-O {[%clk 01:30:59]} O-O {[%clk 01:30:00]} 10. Nb3 {[%clk
01:29:13]} Bb6 {[%clk 01:30:11]} 11. c4 {[%clk 01:28:08]} Nb8 {[%clk 01:22:24]}
12. Bd2 {[%clk 01:25:41]} Bd7 {[%clk 01:22:46]} 13. Bc3 {[%clk 01:25:12]} Bc6
{[%clk 01:22:49]} 14. Qc2 Nbd7 {[%clk 01:21:08]} 15. Rfd1 {[%clk 01:23:04]} Qe7
{[%clk 01:18:21]} 16. Nd4 {[%clk 01:22:40]} Bxd4 {[%clk 01:17:05]} 17. Bxd4
{[%clk 01:21:35]} Rfd8 {[%clk 01:12:04]} 18. Be3 {[%clk 01:16:07]} h6 {[%clk
01:03:56]} 19. h3 {[%clk 01:14:06]} b6 {[%clk 00:59:26]} 20. Bf1 {[%clk
00:58:28]} Nf8 {[%clk 00:52:11]} 21. a4 {[%clk 00:56:17]} Qb7 {[%clk 00:49:50]}
22. Rxd8 {[%clk 00:54:55]} Rxd8 {[%clk 00:50:07]} 23. a5 {[%clk 00:54:46]} Ng6
{[%clk 00:47:58]} 24. axb6 {[%clk 00:47:01]} axb6 {[%clk 00:48:23]} 25. f4
{[%clk 00:46:09]} Nh4 {[%clk 00:44:27]} 26. Qf2 {[%clk 00:39:26]} Rb8 {[%clk
00:41:03]} 27. f5 {[%clk 00:38:34]} Nxf5 {[%clk 00:36:31]} 28. Nxf5 {[%clk
00:38:53]} exf5 {[%clk 00:36:53]} 29. Qxf5 {[%clk 00:39:18]} Be4 {[%clk
00:34:25]} 30. Qf2 {[%clk 00:39:02]} Qc6 {[%clk 00:30:47]} 31. b4 {[%clk
00:32:53]} Nd7 {[%clk 00:28:20]} 32. Bd4 {[%clk 00:30:01]} Rb7 {[%clk
00:22:23]} {[%emt 00:02:57]} 33. Ra8+ {[%clk 00:27:08]} {[%emt 00:03:20]} Kh7
{[%clk 00:22:49]} {[%emt 00:00:06]} 34. Qxf7 {[%clk 00:22:05]} {[%emt
00:05:33]} Nf6 {[%clk 00:21:16]} {[%emt 00:02:03]} 35. Qf8 {[%clk 00:22:21]}
{[%emt 00:00:13]} Rd7 {[%clk 00:16:11]} {[%emt 00:05:37]} 36. Rd8 {[%clk
00:22:34]} {[%emt 00:00:16]} Ra7 {[%clk 00:10:18]} {[%emt 00:06:21]} 37. Rd6
{[%clk 00:20:12]} {[%emt 00:02:53]} Qa8 {[%clk 00:08:42]} {[%emt 00:02:08]} 38.
Qxa8 {[%clk 00:20:16]} {[%emt 00:00:26]} Rxa8 {[%clk 00:09:11]} {[%emt
00:00:02]} 39. Rxb6 {[%clk 00:20:25]} {[%emt 00:00:20]} Ra4 {[%clk 00:05:49]}
{[%emt 00:03:52]} 40. b5 {[%clk 00:19:50]} {[%emt 00:01:08]} Nh5 {[%clk
00:05:27]} {[%emt 00:00:50]} 41. Be5 {[%clk 00:15:43]} {[%emt 00:04:36]} Ra3
{[%clk 00:03:26]} {[%emt 00:02:32]} 42. Ra6 {[%clk 00:14:21]} {[%emt 00:01:51]}
Re3 {[%clk 00:02:06]} {[%emt 00:01:52]} 43. Kf2 {[%clk 00:14:08]} {[%emt
00:00:43]} Rb3 {[%clk 00:01:57]} {[%emt 00:00:38]} 44. Ra7 {[%clk 00:12:46]}
{[%emt 00:01:52]} Kh8 {[%clk 00:00:57]} {[%emt 00:01:31]} 45. c5 {[%clk
00:11:03]}  1-0

[Event "1st 4NCL Easter Congress"]
[Site "Stevenage"]
[Date "2019.04.19"]
[Round "1"]
[Board "18"]
[White "Ross, Stuart"]
[Black "Moore, Gerald"]
[Result "0-1"]
[WhiteElo "1620"]
[BlackElo "2045"]
[PlyCount "0"]
[EventDate "2019.04.19"]
[EventRounds "7"]
[EventCountry "ENG"]

1. e4 {[%clk 01:30:56]} c5 {[%clk 01:30:52]} 2. Nf3 {[%clk 01:31:16]} e6 {[%clk
01:30:56]} 3. d4 {[%clk 01:31:35]} cxd4 {[%clk 01:31:21]} 4. Nxd4 {[%clk
01:31:53]} a6 {[%clk 01:31:30]} 5. Bd3 {[%clk 01:32:05]} Nf6 {[%clk 01:31:44]}
6. Qe2 {[%clk 01:31:28]} d6 {[%clk 01:30:46]} 7. c4 {[%clk 01:30:55]} g6 {[%clk
01:26:05]} 8. Nc3 {[%clk 01:30:01]} Bg7 {[%clk 01:26:16]} 9. Be3 {[%clk
01:28:55]} O-O {[%clk 01:24:45]} 10. Rc1 {[%clk 01:28:18]} Nc6 {[%clk
01:12:31]} 11. Nf3 {[%clk 01:23:27]} d5 {[%clk 01:03:43]} 12. cxd5 {[%clk
01:18:53]} exd5 {[%clk 01:04:02]} 13. exd5 {[%clk 01:15:38]} Nxd5 {[%clk
01:01:36]} 14. Nxd5 {[%clk 01:14:35]} Qxd5 {[%clk 01:01:52]} 15. Bc4 {[%clk
01:09:04]} Qa5+ {[%clk 00:58:04]} 16. Bd2 {[%clk 01:05:16]} Qh5 {[%clk
00:56:30]} 17. Bc3 {[%clk 00:46:22]} Bg4 {[%clk 00:54:38]} 18. O-O {[%clk
00:44:19]} Rae8 {[%clk 00:30:56]} 19. Qd3 {[%clk 00:24:55]} Rd8 {[%clk
00:27:53]} 20. Qc2 {[%clk 00:22:41]} Bxf3 {[%clk 00:27:27]} 21. Bxg7 {[%clk
00:21:47]} Qg4 {[%clk 00:26:57]}  0-1

[Event "1st 4NCL Easter Congress"]
[Site "Stevenage"]
[Date "2019.04.19"]
[Round "1"]
[Board "19"]
[White "Hutchinson, Norman A"]
[Black "Vaidya, Raghav"]
[Result "1-0"]
[WhiteElo "2041"]
[BlackElo "1438"]
[PlyCount "0"]
[EventDate "2019.04.19"]
[EventRounds "7"]
[EventCountry "ENG"]

1. e4 {[%clk 01:30:56]} {[%emt 00:00:04]} c5 {[%clk 01:26:17]} 2. c3 {[%clk
01:31:21]} Nf6 {[%clk 01:26:35]} 3. e5 {[%clk 01:31:44]} Nd5 {[%clk 01:26:49]}
4. Nf3 {[%clk 01:31:51]} Nc6 {[%clk 01:27:10]} 5. Bc4 {[%clk 01:31:22]} Nb6
{[%clk 01:27:07]} 6. Bb3 {[%clk 01:31:42]} e6 {[%clk 01:26:47]} 7. d4 {[%clk
01:31:40]} cxd4 {[%clk 01:26:32]} 8. cxd4 {[%clk 01:32:03]} Be7 {[%clk
01:24:44]} 9. O-O {[%clk 01:32:00]} O-O {[%clk 01:25:04]} 10. Nc3 {[%clk
01:31:25]} d6 {[%clk 01:23:11]} 11. Qe2 {[%clk 01:30:49]} a6 {[%clk 01:20:46]}
12. Rd1 {[%clk 01:26:45]} Qc7 {[%clk 01:18:20]} 13. Bf4 {[%clk 01:22:38]} dxe5
{[%clk 01:17:32]} 14. dxe5 {[%clk 01:22:38]} Bd7 {[%clk 01:14:13]} 15. Rac1
{[%clk 01:20:52]} Rfd8 {[%clk 01:11:04]} 16. Qe4 {[%clk 01:09:44]} Nb4 {[%clk
01:02:55]} 17. Nb5 {[%clk 00:59:36]} Qb8 {[%clk 00:58:56]} 18. Nd6 {[%clk
00:57:54]} Bxd6 {[%clk 00:26:59]} 19. Ng5 {[%clk 00:50:32]} g6 {[%clk
00:22:12]} 20. exd6 {[%clk 00:40:39]} N4d5 {[%clk 00:18:44]} 21. Be5 {[%clk
00:19:57]} h6 {[%clk 00:10:51]} 22. Qh4 {[%clk 00:17:31]} h5 {[%clk 00:09:51]}
23. Ne4 {[%clk 00:14:58]} Kh7 {[%clk 00:08:08]} 24. Bxd5 Nxd5 25. Rxd5 {[%clk
00:11:48]} exd5 {[%clk 00:05:12]} 26. Qf6 {[%clk 00:10:21]} Rg8 {[%clk
00:05:12]} 27. Qxf7+ {[%clk 00:10:14]} Kh6 {[%clk 00:05:21]} 28. Nf6 {[%clk
00:07:30]} Rg7 {[%clk 00:04:02]} {[%emt 00:01:43]} 29. Bf4+ {[%clk 00:07:48]}
{[%emt 00:00:13]}  1-0

[Event "1st 4NCL Easter Congress"]
[Site "Stevenage"]
[Date "2019.04.20"]
[Round "2"]
[Board "1"]
[White "Walker, Martin G"]
[Black "Gormally, Daniel W"]
[Result "0-1"]
[WhiteElo "2166"]
[BlackElo "2509"]
[PlyCount "0"]
[EventDate "2019.04.19"]
[EventRounds "7"]
[EventCountry "ENG"]

1. e4 {[%clk 01:30:56]} {[%emt 00:00:03]} c5 {[%clk 01:30:54]} {[%emt
00:00:06]} 2. Nf3 {[%clk 01:31:21]} {[%emt 00:00:05]} d6 {[%clk 01:31:19]}
{[%emt 00:00:05]} 3. d4 {[%clk 01:31:34]} {[%emt 00:00:17]} cxd4 {[%clk
01:31:41]} {[%emt 00:00:09]} 4. Nxd4 {[%clk 01:32:00]} {[%emt 00:00:04]} Nf6
{[%clk 01:32:06]} {[%emt 00:00:04]} 5. Nc3 {[%clk 01:32:25]} {[%emt 00:00:05]}
a6 {[%clk 01:32:24]} {[%emt 00:00:12]} 6. Be3 {[%clk 01:32:40]} {[%emt
00:00:15]} e5 {[%clk 01:29:32]} {[%emt 00:03:23]} 7. Nb3 {[%clk 01:32:57]}
{[%emt 00:00:13]} Be6 {[%clk 01:29:11]} {[%emt 00:00:51]} 8. f3 {[%clk
01:33:08]} {[%emt 00:00:19]} Be7 {[%clk 01:27:09]} {[%emt 00:02:32]} 9. Qd2
{[%clk 01:32:56]} {[%emt 00:00:42]} O-O {[%clk 01:27:01]} {[%emt 00:00:39]} 10.
O-O-O {[%clk 01:32:14]} {[%emt 00:01:11]} b5 {[%clk 01:26:56]} {[%emt
00:00:35]} 11. Kb1 {[%clk 01:30:13]} {[%emt 00:02:31]} Nbd7 {[%clk 01:25:28]}
{[%emt 00:01:58]} 12. Qf2 {[%clk 01:23:01]} {[%emt 00:07:42]} Rc8 {[%clk
01:23:11]} {[%emt 00:02:47]} 13. Be2 {[%clk 01:21:09]} {[%emt 00:02:21]} Rxc3
{[%clk 01:21:57]} {[%emt 00:01:44]} 14. bxc3 {[%clk 01:21:33]} {[%emt
00:00:06]} Qc7 {[%clk 01:22:07]} {[%emt 00:00:20]} 15. g4 {[%clk 01:18:30]}
{[%emt 00:03:34]} Qxc3 {[%clk 01:22:06]} {[%emt 00:00:31]} 16. g5 {[%clk
01:09:56]} {[%emt 00:09:03]} Nh5 {[%clk 01:22:19]} {[%emt 00:00:17]} 17. Bd3
{[%clk 01:10:10]} {[%emt 00:00:17]} Nc5 {[%clk 01:15:19]} {[%emt 00:07:31]} 18.
Nxc5 {[%clk 01:04:03]} {[%emt 00:06:37]} dxc5 {[%clk 01:15:40]} {[%emt
00:00:09]} 19. Qd2 {[%clk 01:04:28]} {[%emt 00:00:05]} Qa3 {[%clk 01:15:15]}
{[%emt 00:00:55]} 20. c3 {[%clk 01:04:51]} {[%emt 00:00:06]} c4 {[%clk
01:11:55]} {[%emt 00:03:51]} 21. Be2 {[%clk 01:00:21]} {[%emt 00:05:00]} b4
{[%clk 01:08:45]} {[%emt 00:03:40]} 22. Qb2 {[%clk 00:55:36]} {[%emt 00:05:14]}
Qa5 {[%clk 01:01:21]} {[%emt 00:07:54]} 23. Bd2 {[%clk 00:55:36]} {[%emt
00:00:30]} b3 {[%clk 01:01:34]} {[%emt 00:00:17]} 24. axb3 {[%clk 00:53:49]}
{[%emt 00:02:16]} cxb3 {[%clk 00:51:27]} {[%emt 00:10:38]} 25. Qa1 {[%clk
00:54:10]} {[%emt 00:00:08]} Qc5 {[%clk 00:47:29]} {[%emt 00:04:28]} 26. Qxa6
{[%clk 00:49:06]} {[%emt 00:05:34]} Nf4 {[%clk 00:47:37]} {[%emt 00:00:21]} 27.
Bxf4 {[%clk 00:33:14]} {[%emt 00:16:23]} exf4 {[%clk 00:47:40]} {[%emt
00:00:27]} 28. h4 {[%clk 00:33:37]} {[%emt 00:00:07]} g6 {[%clk 00:42:56]}
{[%emt 00:05:14]} 29. Qb5 {[%clk 00:25:43]} {[%emt 00:08:24]} Qxc3 {[%clk
00:40:30]} {[%emt 00:02:56]} 30. Qd3 {[%clk 00:25:50]} {[%emt 00:00:22]} Qe5
{[%clk 00:34:27]} {[%emt 00:06:33]} 31. Qb5 {[%clk 00:19:50]} {[%emt 00:06:31]}
Bd6 {[%clk 00:34:48]} {[%emt 00:00:09]} 32. Rxd6 {[%clk 00:15:14]} {[%emt
00:05:05]} Qxd6 {[%clk 00:34:57]} {[%emt 00:00:21]} 33. Rd1 {[%clk 00:15:37]}
{[%emt 00:00:07]} Qa3 {[%clk 00:32:21]} {[%emt 00:03:07]} 34. Qa6 {[%clk
00:16:01]} {[%emt 00:00:06]} Qc5 {[%clk 00:29:56]} {[%emt 00:02:55]} 35. Rc1
{[%clk 00:08:36]} {[%emt 00:07:55]} Qf2 {[%clk 00:30:21]} {[%emt 00:00:05]} 36.
Rc6 {[%clk 00:05:27]} {[%emt 00:03:39]} Qe1+ {[%clk 00:28:06]} {[%emt
00:02:44]} 37. Kb2 {[%clk 00:04:48]} {[%emt 00:01:10]} Qd2+ {[%clk 00:28:22]}
{[%emt 00:00:15]} 38. Kb1 {[%clk 00:05:06]} {[%emt 00:00:11]} Bc4 {[%clk
00:27:30]} {[%emt 00:01:21]} 39. Rxc4 {[%clk 00:04:44]} {[%emt 00:00:53]} Qxe2
{[%clk 00:27:55]} {[%emt 00:00:05]} 40. Rc6 {[%clk 00:03:10]} {[%emt 00:02:04]}
Qxf3 {[%clk 00:26:41]} {[%emt 00:01:44]} 41. Qc4 {[%clk 00:03:23]} {[%emt
00:00:17]} Qd1+ {[%clk 00:26:01]} {[%emt 00:01:09]} 42. Kb2 {[%clk 00:03:48]}
{[%emt 00:00:05]} Qd2+ {[%clk 00:25:51]} {[%emt 00:00:40]}  0-1

[Event "1st 4NCL Easter Congress"]
[Site "Stevenage"]
[Date "2019.04.20"]
[Round "2"]
[Board "2"]
[White "Hebden, Mark L"]
[Black "Miller, Dominic"]
[Result "1-0"]
[WhiteElo "2420"]
[BlackElo "2164"]
[PlyCount "0"]
[EventDate "2019.04.19"]
[EventRounds "7"]
[EventCountry "ENG"]

1. d4 {[%clk 01:30:53]} {[%emt 00:00:06]} Nf6 {[%clk 01:30:45]} {[%emt
00:00:16]} 2. Nc3 {[%clk 01:30:35]} {[%emt 00:00:47]} d5 {[%clk 01:31:08]}
{[%emt 00:00:07]} 3. Bf4 {[%clk 01:30:59]} {[%emt 00:00:06]} c5 {[%clk
01:29:39]} {[%emt 00:01:59]} 4. e3 {[%clk 01:31:17]} {[%emt 00:00:12]} a6
{[%clk 01:29:56]} {[%emt 00:00:14]} 5. dxc5 {[%clk 01:24:06]} {[%emt 00:07:40]}
e6 {[%clk 01:28:55]} {[%emt 00:01:31]} 6. Nf3 {[%clk 01:23:38]} {[%emt
00:00:58]} Bxc5 {[%clk 01:28:37]} {[%emt 00:00:48]} 7. Bd3 {[%clk 01:23:51]}
{[%emt 00:00:18]} Nc6 {[%clk 01:26:54]} {[%emt 00:02:13]} 8. O-O {[%clk
01:24:13]} {[%emt 00:00:08]} O-O {[%clk 01:13:52]} {[%emt 00:13:32]} 9. e4
{[%clk 01:23:54]} {[%emt 00:00:49]} dxe4 {[%clk 01:13:36]} {[%emt 00:00:46]} 10.
Nxe4 {[%clk 01:24:06]} {[%emt 00:00:17]} Nxe4 {[%clk 01:13:43]} {[%emt
00:00:23]} 11. Bxe4 {[%clk 01:24:28]} {[%emt 00:00:07]} h6 {[%clk 01:14:11]}
{[%emt 00:00:03]} 12. Bxc6 {[%clk 01:17:32]} {[%emt 00:07:26]} bxc6 {[%clk
01:14:27]} {[%emt 00:00:13]} 13. Ne5 {[%clk 01:15:24]} {[%emt 00:02:39]} Qf6
{[%clk 00:56:57]} {[%emt 00:18:00]} 14. Bg3 {[%clk 01:10:17]} {[%emt 00:05:37]}
Rd8 {[%clk 00:55:01]} {[%emt 00:02:26]} 15. Qh5 {[%clk 01:05:45]} {[%emt
00:05:03]} Bb7 {[%clk 00:35:17]} {[%emt 00:20:14]} 16. Bh4 {[%clk 00:59:04]}
{[%emt 00:07:11]} g5 {[%clk 00:26:15]} {[%emt 00:09:32]} 17. Ng4 {[%clk
00:59:09]} {[%emt 00:00:24]} Qg6 {[%clk 00:26:40]} {[%emt 00:00:04]} 18. Qxg6+
{[%clk 00:58:10]} {[%emt 00:01:30]} fxg6 {[%clk 00:27:05]} {[%emt 00:00:05]} 19.
Nxh6+ {[%clk 00:57:58]} {[%emt 00:00:41]} Kg7 {[%clk 00:27:31]} {[%emt
00:00:05]} 20. Bxg5 {[%clk 00:58:15]} {[%emt 00:00:14]} Rd5 {[%clk 00:27:30]}
{[%emt 00:00:30]} 21. h4 {[%clk 00:58:33]} {[%emt 00:00:11]}  1-0

[Event "1st 4NCL Easter Congress"]
[Site "Stevenage"]
[Date "2019.04.20"]
[Round "2"]
[Board "3"]
[White "Burrows, Martin P"]
[Black "Wells, Peter K"]
[Result "1/2-1/2"]
[WhiteElo "2146"]
[BlackElo "2416"]
[PlyCount "0"]
[EventDate "2019.04.19"]
[EventRounds "7"]
[EventCountry "ENG"]

1. e4 {[%clk 01:30:55]} {[%emt 00:00:03]} e5 {[%clk 01:12:31]} {[%emt
00:18:29]} 2. Nf3 {[%clk 01:31:18]} {[%emt 00:00:08]} Nc6 {[%clk 01:12:56]}
{[%emt 00:00:04]} 3. Bb5 {[%clk 01:31:38]} {[%emt 00:00:10]} a6 {[%clk
01:13:18]} {[%emt 00:00:07]} 4. Ba4 {[%clk 01:32:05]} {[%emt 00:00:05]} Nf6
{[%clk 01:13:42]} {[%emt 00:00:05]} 5. O-O {[%clk 01:32:24]} {[%emt 00:00:11]}
Be7 {[%clk 01:13:47]} {[%emt 00:00:25]} 6. Re1 {[%clk 01:32:43]} {[%emt
00:00:11]} b5 {[%clk 01:14:12]} {[%emt 00:00:05]} 7. Bb3 {[%clk 01:33:09]}
{[%emt 00:00:05]} d6 {[%clk 01:14:13]} {[%emt 00:00:28]} 8. c3 {[%clk
01:33:29]} {[%emt 00:00:10]} O-O {[%clk 01:14:35]} {[%emt 00:00:07]} 9. h3
{[%clk 01:33:50]} {[%emt 00:00:10]} Nb8 {[%clk 01:06:36]} {[%emt 00:08:30]} 10.
d4 {[%clk 01:34:11]} {[%emt 00:00:09]} Nbd7 {[%clk 01:07:02]} {[%emt 00:00:04]}
11. Nbd2 {[%clk 01:34:08]} {[%emt 00:00:32]} Bb7 {[%clk 01:07:27]} {[%emt
00:00:05]} 12. Bc2 {[%clk 01:34:10]} {[%emt 00:00:28]} Re8 {[%clk 01:07:51]}
{[%emt 00:00:07]} 13. a4 {[%clk 01:34:22]} {[%emt 00:00:19]} Bf8 {[%clk
01:03:46]} {[%emt 00:04:35]} 14. Bd3 {[%clk 01:34:19]} {[%emt 00:00:33]} c6
{[%clk 01:02:16]} {[%emt 00:02:00]} 15. b3 {[%clk 01:34:30]} {[%emt 00:00:19]}
g6 {[%clk 00:58:24]} {[%emt 00:04:21]} 16. Bb2 {[%clk 01:34:27]} {[%emt
00:00:33]} Bg7 {[%clk 00:54:18]} {[%emt 00:04:35]} 17. Qc2 {[%clk 01:34:25]}
{[%emt 00:00:32]} Nh5 {[%clk 00:52:17]} {[%emt 00:02:31]} 18. Bf1 {[%clk
01:30:59]} {[%emt 00:03:57]} Nf4 {[%clk 00:49:08]} {[%emt 00:03:39]} 19. axb5
{[%clk 01:24:45]} {[%emt 00:06:44]} axb5 {[%clk 00:48:47]} {[%emt 00:00:51]} 20.
Rxa8 {[%clk 01:24:11]} {[%emt 00:01:04]} Bxa8 {[%clk 00:45:07]} {[%emt
00:04:10]} 21. dxe5 {[%clk 01:22:14]} {[%emt 00:02:26]} Nxe5 {[%clk 00:31:01]}
{[%emt 00:14:37]} 22. Nxe5 {[%clk 01:21:21]} {[%emt 00:01:23]} Bxe5 {[%clk
00:27:33]} {[%emt 00:03:58]} 23. Nf3 {[%clk 01:20:55]} {[%emt 00:00:56]} Bg7
{[%clk 00:25:12]} {[%emt 00:02:50]} 24. g3 {[%clk 01:02:20]} {[%emt 00:19:05]}
Nh5 {[%clk 00:22:20]} {[%emt 00:03:22]} 25. c4 {[%clk 00:52:29]} {[%emt
00:10:21]} Bxb2 {[%clk 00:14:18]} {[%emt 00:08:32]} 26. Qxb2 {[%clk 00:52:54]}
{[%emt 00:00:04]} bxc4 {[%clk 00:03:05]} {[%emt 00:11:43]}  1/2-1/2